Central Library OPAC University of Rajshahi

Philosophy of the sciences : (Record no. 7181)

MARC details
000 -LEADER
fixed length control field 00952nam a2200277 i 4500
001 - CONTROL NUMBER
control field 7181
003 - CONTROL NUMBER IDENTIFIER
rucl marc code BD-RjUL
005 - DATE AND TIME OF LATEST TRANSACTION
control field 20211208234357.0
008 - FIXED-LENGTH DATA ELEMENTS--GENERAL INFORMATION
fixed length control field 130114s1932 enk 000 0 eng d
035 ## - SYSTEM CONTROL NUMBER
System control number (OCoLC)ocm03947993
System control number (BD-RjUL)7223
040 ## - CATALOGING SOURCE
Original cataloging agency COI
Transcribing agency COI
Modifying agency OCL
-- CSU
-- BD-RjUL
Language of cataloging eng
041 ## - LANGUAGE CODE
Language code of text/sound track or separate title eng
082 ## - DEWEY DECIMAL CLASSIFICATION NUMBER
Classification number 501.2
Author mark and year TEP 1932
090 ## - LOCALLY ASSIGNED LC-TYPE CALL NUMBER (OCLC); LOCAL CALL NUMBER (OCLC)
Classification number (OCLC) (R) ; Classification number, CALL (RLIN) (NR) BD241
Local cutter number (OCLC) ; Book number/undivided call number, CALL (RLIN) .T4
100 1# - MAIN ENTRY--PERSONAL NAME
Personal name Tennant, Frederick Robert,
Dates associated with a name 1866-1957.
9 (RLIN) 22466
245 10 - TITLE STATEMENT
Title Philosophy of the sciences :
Remainder of title or the relations between the departments of knowledge /
Statement of responsibility, etc. F. R. Tennant.
260 ## - PUBLICATION, DISTRIBUTION, ETC. (IMPRINT)
Place of publication, distribution, etc. Cambridge [Eng.] :
Name of publisher, distributor, etc. The University Press,
Date of publication, distribution, etc. 1932.
300 ## - PHYSICAL DESCRIPTION
Pagination ix, 191 p. ;
Size 18 cm.
500 ## - GENERAL NOTE
General note "This volume contains the Tarner lectures for 1931-1932, substantially in the form in which they were delivered."
650 #0 - SUBJECT ADDED ENTRY--TOPICAL TERM
Topical term or geographic name as entry element Classification of sciences.
9 (RLIN) 1790
830 #0 - SERIES ADDED ENTRY--UNIFORM TITLE
Volume number/sequential designation 1931-1932.
Uniform title Tarner lectures ;
942 ## - ADDED ENTRY ELEMENTS (KOHA)
Source of classification or shelving scheme Dewey Decimal Classification
Koha item type Books
Holdings
Lost status Source of classification or shelving scheme Damaged status Not for loan Collection code Permanent Location Current Location Shelving location Date acquired Source of acquisition Cost, normal purchase price Total Checkouts Full call number Date last seen Copy number Koha item type
  Dewey Decimal Classification   Not For Loan Non-fiction Central Library, University of Rajshahi Central Library, University of Rajshahi   08/03/1963 Zeitlinger 20.00   501.2 TEP 1932 13/01/2014 C-1 Books